[Event "Guwahati op 1st"]
[Site "Guwahati"]
[Date "2022.03.14"]
[Round "1"]
[White "Visakh, Narayanan Rajeswari"]
[Black "Rituraj, Tamuli"]
[Result "1-0"]
[WhiteElo "2522"]
[BlackElo "1480"]
[PlyCount "67"]
[EventDate "2022.03.14"]
[EventType "swiss"]
[EventRounds "10"]
[EventCountry "IND"]
[SourceTitle "CBM 207 Extra"]
[Source "ChessBase"]
[SourceDate "2022.05.31"]
[SourceVersion "1"]
[SourceVersionDate "2022.05.31"]
[SourceQuality "1"]

1. d4 Nf6 2. Bg5 d5 3. Nd2 e6 4. e3 Be7 5. Bd3 Nbd7 6. f4 c5 7. c3 b6 8. Ngf3 Bb7 9. Ne5 a6 10. 0-0 h6 11. Bxf6 Nxf6 12. Qf3 0-0 13. Rad1 Rc8 14. f5 Rc7 15. fxe6 fxe6 16. Qh3 Qd6 17. Rf3 Ne4 18. Bxe4 dxe4 19. Rxf8+ Bxf8 20. Ndc4 Qd5 21. dxc5 bxc5 22. Nb6 Qxa2 23. Nd5 exd5 24. Qe6+ Kh7 25. Ng6 Bd6 26. Qxd6 Rf7 27. Ne5 Rf6 28. Qxd5 Qxb2 29. Qxe4+ Kg8 30. Rd8+ Rf8 31. Qd5+ Kh7 32. Qd3+ Kg8 33. Rxf8+ Kxf8 34. Qd8# 1-0